000 00295 a2200145 4500
001 166558
020 _a
040 _cMagnum
100 _aPiaget, Jean
240 1 0 _aEpistemologia genetica
_lpor
245 1 0 _aEpistemologia genetica
362 0 _a1899
697 _aPEDAGOGIA
942 _cBK
999 _c166558
_d166558